Trouve l'intrus spécial Harry Potter - Statistiques

Statistiques générales
  • Ce quiz a été pris 323 fois
  • Le résultat moyen est 7 sur 10
Statistiques - réponses
Question Réponse % Correct
Je suis un des héros/héroines principaux de l'histoire Malfoy
97%
je suis une relique de la mort cartes de maraudeur
87%
Je suis un horcruxe basilic
85%
Je suis un horcruxe épée de Gryffondor
82%
je fais partie de la maison Serdaigle Cedric Diggory
75%
J'ai été professeur à Poudlard (dans les films) Luna Lovegood
75%
je suis meurt dans le but de sauver/protéger un "gentil" Malfoy
72%
je suis un des emblèmes des maisons (4 en tout) griffon
62%
j'ai détruit un horcruxe Luna Lovegood
54%
Je suis un antagoniste du début à la fin Rogue
52%
Aucun quiz correspondant
Distribution des résultats
% des personnes avec chaque résultat
Percentile par nombre de réponses
Votre historique - résultats
Vous n’avez pas pris ce quiz